00978nam a22002297a 4500003000500000005001700005008004100022040000900063100003600072245020900108260007100317300001400388336002100402337002500423338002300448502010000471504004100571700004000612700002800652720004000680720002800720CSPC20240627154156.0230308t xxu||||| |||| 00| 0 eng d cCSPC1 aJulianes, Jenre Jem O.,eauthor14aThe efficiency of pre-recorded teaching in Bachelor of Science in Office Administration program of Camarines Sur Polytechnic Colleges / cJenre Jem O. Juliane, Stephani Ashley F. Maomay and KC P. Tabagan. aNabua, Camarines Sur :bCamarines Sur Polytechnic Colleges,c2022. a79 leaves 2rdacontentatext 2rdamediaaunmediated 2rdacarrieravolume aUndergraduate Thesis (BSOA) - Office Administration.cCamarines Sur Polytechnic Colleges, 2022. aIncludes bibliographical references.1 aMaomay, Stephani Ashley F.,eauthor1 aTabagan, KC P.,eauthor aMaomay, Stephani Ashley F.,eAuthor aTabagan, KC P.,eAuthor